000 01160nam a2200289 i 4500
003 EG-GICUC
005 20260121101510.0
008 251216s1943 ua d|||fry||| 000 0 ara d
040 _a EG-GICUC
_bara
_c EG-GICUC
_d EG-GICUC
_erda
041 0 _aara
082 0 4 _221
_a343.43062
_bت ق
092 0 4 _221
099 _aLaw1 10 343.43062 ت ق 1943
110 1 _aوزارة الداخلية.
_cمص.ر
_eمؤلف.
245 1 0 _aتقرير حالة الامن العام بالمملكة المصرية عن سنتي 1941 و 1942 /
_cوزارة الداخلية.
264 3 _aالقاهرة :
_bالمطبعة الاميرية،
_c1943.
300 _a216 صفحة، صفحات غير مرقمة، مختلف الترقيم :
_bجداول ؛
_c25 سم.
336 _2rda content
_atext
337 _2rda media
_aComputer
338 _2rda carrier
_aOnline Resource
546 _aالنص باللغة العربية
650 1 _aالتشريعات المتعلقة بالأمن والسكينة العامة
_2qrmak
651 1 _2qrmak
856 4 0 _uhttps://fll.law.cu.edu.eg/fulltext/bks/B10-07155.pdf
905 _a62
_eYara
942 _2ddc
_n0
_cBK
_e21
999 _c50876
_d50876